| 000 | 00577nam a22001697a 4500 | ||
|---|---|---|---|
| 999 |
_c18315 _d18315 |
||
| 003 | AR-CdUCM | ||
| 008 | 190513b ||||| |||| 00| 0 spa d | ||
| 040 |
_aMUNICIPALIDAD PROVINCIAL DEL CUSCO _cBIBLIOTECA MUNICIPAL DEL CUSCO |
||
| 082 |
_a820.973 / _bP45 |
||
| 100 |
_aPereyra, Carlos _918565 |
||
| 245 | _aEl mito de Monroe / | ||
| 260 |
_aBuenos Aires : _bEl Buho, _c1959. |
||
| 300 |
_a236 páginas ; _c19 cm. |
||
| 505 | _aLa mentira histórica nacional --La memoria del 9 de octubre --Una primera comunion con ruedas de molino... | ||
| 942 |
_2ddc _cLIBROS |
||
| 945 | _awfj | ||